000 00958nam a22001937a 4500
999 _c59397
_d59397
003 Ge_BSU
005 20230209120427.0
008 230209s2005 ge ||||| |||| 00| 0 geo d
041 _ageo
080 _a339.13.012.42 ბ-21
100 _aბალცეროვიჩი, ლეშეკ
_916873
245 _aთავისუფლება და განვითარება :
_cლეშეკ ბალცეროვიჩი ; პოლონურიდან თარგმნა ამბროსი გრიშიკაშვილმა.
_b სახელმწიფო გარდამავალ პერიოდში /
250 _aმე-2 გაერთ. გამოც.
264 _aთბილისი,
_c2005.
300 _a575გვ. ;
_b21სმ.
653 _aთავისუფალი ბაზარი
653 _aეკონომიკური რეფორმები.
942 _2udc
_cBK